LEADER 01019cam0-22003371i-450- 001 990005487010403321 005 20060918100357.0 035 $a000548701 035 $aFED01000548701 035 $a(Aleph)000548701FED01 035 $a000548701 100 $a19990604d1959----km-y0itay50------ba 101 0 $aspa 102 $aES 105 $ay---j---001yy 200 1 $aManual de historia económica de España$fJ. Vicens Vives$gcon la colaboración de J. Nadal Oller 210 $aBarcelona$cEditorial Teide$d1959 215 $a706 p.$d22 cm 610 0 $aSpagna$aEconomia$aStoria 676 $a330.946$v21$zita 700 1$aVicens Vives,$bJaime$f<1910-1960>$091235 702 1$aNadal,$bJordi$f<1929- > 801 0$aIT$bUNINA$gRICA$2UNIMARC 901 $aBK 912 $a990005487010403321 952 $a330.94 VIC 1 (1)$bST.MED.MOD. 1678$fFLFBC 952 $aSE 006.04.32-$bS.I.$fDECSE 959 $aFLFBC 959 $aDECSE 996 $aManual de historia economica de España$9267346 997 $aUNINA LEADER 02621nam 22005774a 450 001 9910971208203321 005 20250909175256.0 010 0 $a9780191536960 010 0 $a0191536962 035 $a(MiAaPQ)EBC7038862 035 $a(CKB)24235094200041 035 $a(MiAaPQ)EBC422568 035 $a(Au-PeEL)EBL422568 035 $a(CaPaEBR)ebr10160525 035 $a(CaONFJC)MIL75919 035 $a(OCoLC)437108846 035 $a(OCoLC)61513118 035 $a(FINmELB)ELB168628 035 $a(Au-PeEL)EBL7038862 035 $a(OCoLC)1195960908 035 $a(EXLCZ)9924235094200041 100 $a20050912d2006 uy 0 101 0 $aeng 135 $aur||||||||||| 181 $ctxt$2rdacontent 182 $cc$2rdamedia 183 $acr$2rdacarrier 200 10$aWestern imperialism in the Middle East 1914-1958 /$fD.K. Fieldhouse 205 $a1st ed. 210 $aOxford ;$aNew York $cOxford University Press$d2006 215 $avii, 376 p. $cmaps 320 $aIncludes bibliographical references (p. [349]-357) and index. 327 $aPt. 1. Before the mandates, 1900-1922 -- The decline of the Ottoman Empire in the Middle East and the 'Arab Awakening' before 1914 -- War and the partition of the Ottoman Empire, 1914-1922 -- Pt. 2. Alien rule and nationalist reactions, 1918-1958 -- Britain in Mesopotamia/Iraq, 1918-1958 -- Palestine : Zionism and the genesis of the mandate -- Palestine : the British mandate, 1918-1948 -- Transjordan, 1918-1956 -- Syria and the French, 1918-1946 -- Lebanon and the French, 1918-1946 -- Pt. 3. Conclusions. 330 $aThe Middle East is constantly in the news and is a major focus for international conflict. This book attempts to explain why this is so. It covers the crucial period after 1914, when the Ottoman empire was defeated and its provinces taken over by Britain and France, ending in 1958, when the Iraqi revolution finally ended British influence in the region. It describes both British and French policies and the reactions of Arabs and Jews. 606 $aMandates 606 $aImperialism 606 $aAnti-imperialist movements$zMiddle East 607 $aMiddle East$xHistory$y20th century 615 0$aMandates. 615 0$aImperialism. 615 0$aAnti-imperialist movements 676 $a956/.03 686 $a15.75$2bcl 700 $aFieldhouse$b D. K$g(David Kenneth),$f1925-2018.$01846843 801 0$bMiAaPQ 801 1$bMiAaPQ 801 2$bMiAaPQ 906 $aBOOK 912 $a9910971208203321 996 $aWestern imperialism in the Middle East 1914-1958$94431691 997 $aUNINA